BIBLIOTHÈQUE DE LA MAISON DU MEXIQUE

Logo 1 Logo 2

Le droit coutumier indigène à Oaxaca (notice nᵒ 1690)

détails MARC
000 -Sello discográfico
campo de control de longitud fija 00907nam a2200289 4500
005 - Identificación de versión
campo de control 20251016083050.0
010 ## - Número Estándar Internacional de Libros (ISBN)
Número (ISBN) 978-607-8498-36-9
099 ## - fechas locales
Tipo de ítem Koha LIBRO
100 ## - Datos de procesamiento general
Datos de procesamiento general 19970529d2018 m y1spay5003 ba
101 ## - Idioma del recurso
Idioma del texto, banda sonora, etc. Francés
Idioma de la obra original Español; Castellano
105 ## - Campo de datos codificados: Material textual, monográfico
Datos codificados de monografía a 001za
200 1# - Título y mención de responsabilidad
Título propio Le droit coutumier indigène à Oaxaca
Designación general del material texto impreso
Primer mención de responsabilidad Carmen Cordero Avendaño de Durand
205 ## - Declaración de edición
Declaración de edición 1a ed
210 ## - Publicación, distribución, etc.
Lugar de publicación, distribución, etc. Oaxaca, México
Nombre del editor, distribuidor, etc. Carteles Editores
Fecha de publicación, distribución, etc. 2018
215 ## - Descripción física
Designación de material específico y extensión del ítem 103 p
Otras características físicas il.
Dimensiones 23 cm
345 ## - Nota de información de adquisición
Fuente de adquisición/dirección de la suscripción [OBSOLETO] Donación Carmen Cordero Avendaño de Durand
606 ## - Término temático usado como materia
Elemento de entrada Derecho consuetudinario
Subdivisión geográfica Oaxaca (México)
Número Koha 4196
660 ## - Código de área geográfica
Código MX
700 ## - Nombre personal - Responsabilidad primaria
Elemento de entrada Cordero Avendaño de Durand
Parte del nombre distinta del elemento de entrada Carmen
Número Koha 1035
801 #0 - Fuente de origen
Agencia cm
900 ## -
-- 1/14108
900 ## -
-- 710973591\\290597
942 ## - ELEMENTOS DE ENTRADA SECUNDARIOS (KOHA)
Tipo de ítem Koha Livre
996 ## -
-- MEX
-- 751145101
-- MMAG
-- 003967
-- 340.52 C794D
-- 20200206LIV
Exemplaires
Estatus retirado Estado de daño Estado de pérdida Fecha de adquisición Biblioteca de origen Biblioteca actual Ubicación en estantería Código de barras Precio de reemplazo Signatura topográfica completa No para préstamo Tipo de ítem Koha Nota pública Nota no pública
      05/08/2025 Casa México Paris Casa México Paris   003967 05/08/2025 340.52 C794D   Livre 20200206LIV 751145101